[Event "Napoli Autunno Vomero op-A"]
[Site "Napoli"]
[Date "2016.09.29"]
[Round "4"]
[White "Scarnera, Francesco"]
[Black "Pellegrino, Carlo"]
[Result "1-0"]
[WhiteElo "1665"]
[BlackElo "1522"]
[PlyCount "99"]
[EventDate "2016.09.08"]
[EventType "swiss"]
[EventRounds "7"]
[EventCountry "ITA"]
[SourceTitle "EXT 2018"]
[Source "ChessBase"]
[SourceDate "2017.10.13"]
[SourceVersion "1"]
[SourceVersionDate "2017.10.13"]
[SourceQuality "1"]

1. e4 e6 2. d4 d5 3. exd5 exd5 4. Nf3 Bg4 5. Be2 Nc6 6. 0-0 Bd6 7. Ne5 Nxe5 8. dxe5 Bxe2 9. Qxe2 Be7 10. Qb5+ c6 11. Qxb7 Qc8 12. Qxc8+ Rxc8 13. Be3 c5 14. c3 f6 15. f4 a6 16. Nd2 Nh6 17. Nf3 0-0 18. Rad1 Rfd8 19. Rd2 Ng4 20. Bf2 Nxf2 21. Kxf2 d4 22. cxd4 cxd4 23. a3 a5 24. Rfd1 d3 25. Rxd3 Rc2+ 26. R3d2 Rdxd2+ 27. Rxd2 Rxd2+ 28. Nxd2 fxe5 29. fxe5 Bc5+ 30. Kf3 Kf7 31. Nc4 a4 32. Ke4 Ke6 33. Nd2 g5 34. g4 h6 35. Nb1 Bg1 36. h3 Bh2 37. Nc3 Bxe5 38. Nxa4 Bd6 39. Nc3 Be5 40. a4 Bc7 41. b3 Ba5 42. Nd5 Be1 43. Ne3 Ba5 44. Nf5 h5 45. gxh5 Kf7 46. Ne3 Kg7 47. Kf5 Kh6 48. Kg4 Bd2 49. Nd5 Be1 50. b4 1-0

[Event "Napoli Autunno Vomero op-A"]
[Site "Napoli"]
[Date "2016.09.15"]
[Round "2"]
[White "Scarnera, Francesco"]
[Black "Somma, Erminio"]
[Result "1-0"]
[WhiteElo "1665"]
[BlackElo "1561"]
[PlyCount "95"]
[EventDate "2016.09.08"]
[EventType "swiss"]
[EventRounds "7"]
[EventCountry "ITA"]
[SourceTitle "EXT 2018"]
[Source "ChessBase"]
[SourceDate "2017.10.13"]
[SourceVersion "1"]
[SourceVersionDate "2017.10.13"]
[SourceQuality "1"]

1. e4 d5 2. exd5 Qxd5 3. Nc3 Qa5 4. d4 Nf6 5. Nf3 Bg4 6. Be2 e6 7. Ne5 Bxe2 8. Qxe2 c6 9. a3 Qc7 10. Bf4 Bd6 11. 0-0 Nbd7 12. Ne4 Nxe4 13. Qxe4 Nf6 14. Qe2 0-0 15. c4 Nd7 16. c5 Nxe5 17. Bxe5 Bxe5 18. dxe5 Rfd8 19. Rad1 Rd5 20. Rxd5 cxd5 21. b4 a5 22. Rc1 axb4 23. axb4 Rc8 24. Qb2 b5 25. Ra1 Rd8 26. Ra6 d4 27. Rd6 Rxd6 28. exd6 Qd7 29. Qxd4 Kf8 30. Qa1 f6 31. Qa5 Ke8 32. Qb6 e5 33. Qb8+ Kf7 34. Qc7 Ke8 35. Qxd7+ Kxd7 36. f3 Kc6 37. Kf2 g6 38. Ke3 f5 39. g4 Kd7 40. Kf2 Ke6 41. Kg3 h6 42. Kh4 g5+ 43. Kg3 f4+ 44. Kf2 Kd7 45. Ke2 Ke6 46. Kd3 Kd7 47. Ke4 Ke6 48. h3 1-0